000 00533nam a2200181Ia 4500
999 _c29980
_d29980
003 OSt
005 20201228122513.0
008 190216s9999||||xx |||||||||||||| ||und||
020 _a9788188015382
040 _coclc
082 _a700
_bKIZ/M
100 _aKizhuparamb, Ammar
_93463
245 0 _aMuhamed Abdurahiman Sahib Jeevithavum Cinimayum /
_cAmmar Kizhuparamb
260 _bLipi Publications,
_c2012.
_aKozhikode:
300 _a160p
650 _aLekhanam
942 _cBK
_2ddc
_h700
_iKIZ/M
_k700
_mKIZ/M